Central Library OPAC University of Rajshahi

More nineteenth century studies; (Record no. 77125)

MARC details
000 -LEADER
fixed length control field 00952cam a22003011 4500
001 - CONTROL NUMBER
control field 77125
003 - CONTROL NUMBER IDENTIFIER
rucl marc code BD-RjUL
005 - DATE AND TIME OF LATEST TRANSACTION
control field 20211209082929.0
008 - FIXED-LENGTH DATA ELEMENTS--GENERAL INFORMATION
fixed length control field 770705r19561963enk b 000 0 eng
035 ## - SYSTEM CONTROL NUMBER
System control number (BD-RjUL)
System control number (OCoLC)3092644
040 ## - CATALOGING SOURCE
Original cataloging agency DLC
Transcribing agency MiRochOU
Modifying agency DLC
Language of cataloging eng
041 ## - LANGUAGE CODE
Language code of text/sound track or separate title eng
042 ## - AUTHENTICATION CODE
Authentication code premarc
082 ## - DEWEY DECIMAL CLASSIFICATION NUMBER
Classification number 820.9
Edition number 23
Author mark and year WIM 1963
100 1# - MAIN ENTRY--PERSONAL NAME
Personal name Willey, Basil,
Dates associated with a name 1897-1978.
9 (RLIN) 239847
245 10 - TITLE STATEMENT
Title More nineteenth century studies;
Remainder of title a group of honest doubters./
Statement of responsibility, etc. Basil Willey
260 ## - PUBLICATION, DISTRIBUTION, ETC. (IMPRINT)
Place of publication, distribution, etc. London:
Name of publisher, distributor, etc. Chatto & Windus,
Date of publication, distribution, etc. 1956.[1963]
300 ## - PHYSICAL DESCRIPTION
Pagination 304 p. ;
Size 23 cm.
504 ## - BIBLIOGRAPHY, ETC. NOTE
Bibliography, etc Bibliographical footnotes.
650 #0 - SUBJECT ADDED ENTRY--TOPICAL TERM
Topical term or geographic name as entry element Nineteenth century.
9 (RLIN) 239848
Topical term or geographic name as entry element English literature
Chronological subdivision 19th century
General subdivision History and criticism.
9 (RLIN) 239849
Topical term or geographic name as entry element Religious thought
Chronological subdivision 19th century.
9 (RLIN) 239850
906 ## - LOCAL DATA ELEMENT F, LDF (RLIN)
a 7
b cbc
c oclcrpl
d u
e ncip
f 19
g y-gencatlg
942 ## - ADDED ENTRY ELEMENTS (KOHA)
Source of classification or shelving scheme Dewey Decimal Classification
Koha item type Books
Holdings
Lost status Source of classification or shelving scheme Damaged status Not for loan Collection code Permanent Location Current Location Shelving location Date acquired Total Checkouts Full call number Date last seen Copy number Koha item type
  Dewey Decimal Classification   Not For Loan Non-fiction Central Library, University of Rajshahi Central Library, University of Rajshahi Reading Room 25/02/2020   820.9 WIM 1963 25/02/2020 C-1 Books